| 000 -LEADER |
| fixed length control field |
01358nam a2200361 4500 |
| 005 - DATE AND TIME OF LATEST TRANSACTION |
| control field |
20260418120927.0 |
| 008 - FIXED-LENGTH DATA ELEMENTS--GENERAL INFORMATION |
| fixed length control field |
260415b xxu||||| |||| 00| 0 eng d |
| 040 ## - CATALOGING SOURCE |
| Transcribing agency |
Cagayan State University. |
| 082 ## - DEWEY DECIMAL CLASSIFICATION NUMBER |
| Classification number |
791.4372 |
| Item number |
D285 2018 |
| 245 ## - TITLE STATEMENT |
| Title |
Death of stalin / |
| Statement of responsibility, etc |
directed by Armando Iannucci. |
| 260 ## - PUBLICATION, DISTRIBUTION, ETC. (IMPRINT) |
| Place of publication, distribution, etc |
Hollywood, CA : |
| Name of publisher, distributor, etc |
Paramount Home Entertainment, |
| Date of publication, distribution, etc |
2018. |
| 300 ## - PHYSICAL DESCRIPTION |
| Extent |
1 videofile, (ca.107 min.) : |
| Other physical details |
sound, color. |
| 500 ## - GENERAL NOTE |
| General note |
Summary taken from IMDB.com. |
| 520 ## - SUMMARY, ETC. |
| Summary, etc |
Moscow, 1953. After being in power for nearly 30 years, Soviet dictator, Joseph Vissarionovich Stalin, takes ill and quickly dies. Now the members of the Council of Ministers scramble for power. |
| 521 ## - TARGET AUDIENCE NOTE |
| Target audience note |
Rated R for language throughout, violence and some sexual references.
|
| 546 ## - LANGUAGE NOTE |
| Language note |
In English subtitle. |
| 650 ## - SUBJECT ADDED ENTRY--TOPICAL TERM |
| Topical term or geographic name as entry element |
Dark Comedy |
| 650 ## - SUBJECT ADDED ENTRY--TOPICAL TERM |
| Topical term or geographic name as entry element |
Satire |
| 650 ## - SUBJECT ADDED ENTRY--TOPICAL TERM |
| Topical term or geographic name as entry element |
Period Drama |
| 655 ## - INDEX TERM--GENRE/FORM |
| Genre/form data or focus term |
Comedy |
| 655 ## - INDEX TERM--GENRE/FORM |
| Genre/form data or focus term |
History |
| 655 ## - INDEX TERM--GENRE/FORM |
| Genre/form data or focus term |
Drama |
| 700 ## - ADDED ENTRY--PERSONAL NAME |
| Personal name |
Iannucci, Armando, director and writer. |
| 700 ## - ADDED ENTRY--PERSONAL NAME |
| Personal name |
Nury, Fabien, writer. |
| 700 ## - ADDED ENTRY--PERSONAL NAME |
| Personal name |
Robin, Thierry, writer. |
| 700 ## - ADDED ENTRY--PERSONAL NAME |
| Personal name |
Adassovsky, Nicolas Duval, producer. |
| 700 ## - ADDED ENTRY--PERSONAL NAME |
| Personal name |
Loader, Kevin, producer. |
| 700 ## - ADDED ENTRY--PERSONAL NAME |
| Personal name |
Zeitoun, Laurent, producer. |
| 700 ## - ADDED ENTRY--PERSONAL NAME |
| Personal name |
Buscemi, Steve, star. |
| 700 ## - ADDED ENTRY--PERSONAL NAME |
| Personal name |
Beale, Simon Russell, star. |
| 700 ## - ADDED ENTRY--PERSONAL NAME |
| Personal name |
Tambor, Jeffrey, star. |
| 942 ## - ADDED ENTRY ELEMENTS (KOHA) |
| Item type |
Audio-Visual Materials |
| Source of classification or shelving scheme |
|